| 000 | 00512nam a22001697a 4500 | ||
|---|---|---|---|
| 003 | OSt | ||
| 005 | 20260223122930.0 | ||
| 008 | 241104b |||||||| |||| 00| 0 eng d | ||
| 020 | _a9789352704989 | ||
| 040 |
_aSRHU _bEnglish _cSRHU |
||
| 082 |
_223rd _a614.150954. |
||
| 245 |
_a Forensic Psychiatry : An Indian Perspective _c Jiloha, R C & Kukreti Prerna . |
||
| 250 | _a1st | ||
| 260 |
_a New Delhi _bJaypee brothers Medical Publishers _c2024 |
||
| 300 |
_axxvii,478p _c24cm |
||
| 942 |
_2ddc _cFM _e1st |
||
| 999 |
_c19194 _d19194 |
||